[Event "Kouty nad Desnou op-B"]
[Site "Kouty nad Desnou"]
[Date "2014.03.12"]
[Round "6"]
[White "Lhotsky, Zdenek"]
[Black "Miratsky, Petr"]
[Result "1/2-1/2"]
[WhiteElo "1539"]
[BlackElo "1637"]
[PlyCount "47"]
[EventDate "2014.03.08"]
[EventType "swiss"]
[EventRounds "9"]
[EventCountry "CZE"]
[SourceTitle "EXT 2015"]
[Source "ChessBase"]
[SourceDate "2014.11.20"]
[SourceVersion "1"]
[SourceVersionDate "2014.11.20"]
[SourceQuality "1"]

1. e4 c5 2. Nf3 Nc6 3. d4 cxd4 4. Nxd4 Nf6 5. Nc3 e6 6. Bg5 Be7 7. Qd2 0-0 8. Bc4 Qa5 9. h4 Qc5 10. Nxc6 bxc6 11. Bb3 d5 12. e5 Nd7 13. Bxe7 Qxe7 14. f4 Bb7 15. g4 c5 16. Rg1 Qxh4+ 17. Qf2 Qxf2+ 18. Kxf2 f6 19. Kg3 fxe5 20. fxe5 a6 21. Ne4 c4 22. Ba4 Nb6 23. Nc5 Nxa4 24. Nxa4 1/2-1/2